[Event "20th NATO Chess Ch"]
[Site "?"]
[Date "2009.06.16"]
[Round "3.17"]
[White "Mottais, Francois"]
[Black "Hole, Oystein"]
[Result "0-1"]
[WhiteElo "2054"]
[BlackElo "2401"]
[PlyCount "60"]
[SourceDate "2000.01.03"]

1. d4 d5 2. c4 c6 3. Nc3 dxc4 4. e4 b5 5. a4 b4 6. Na2 e6 7. Bxc4 Nf6 8. e5 Nd5
9. Nf3 Be7 10. Bd2 a5 11. Nc1 Bb7 12. Nb3 O-O 13. O-O c5 14. dxc5 Nd7 15. Bd3
Rc8 16. Rc1 Nxc5 17. Nxc5 Bxc5 18. Bxh7+ Kxh7 19. Ng5+ Kg6 20. h4 Rh8 21. Qc2+
f5 22. exf6+ Kxf6 23. Qe4 e5 24. Qg4 Qb6 25. Rxc5 Rxc5 26. Be3 Nf4 27. g3 Qc6
28. f3 Bc8 29. Ne4+ Kf7 30. Qg5 Nh3+ 0-1

[Event "20th NATO Chess Ch"]
[Site "?"]
[Date "2009.06.16"]
[Round "3.18"]
[White "Giua, Fréderic"]
[Black "Wagenaar, Harm Theo"]
[Result "1/2-1/2"]
[WhiteElo "2223"]
[BlackElo "2070"]
[PlyCount "85"]
[SourceDate "2000.01.03"]

1. e4 c5 2. Na3 b6 3. f4 Bb7 4. d3 d6 5. Nf3 Nd7 6. g3 g6 7. Bh3 Bg7 8. O-O
Ngf6 9. c3 O-O 10. g4 Ne8 11. Qe1 e5 12. f5 d5 13. fxg6 fxg6 14. Ng5 Rxf1+ 15.
Qxf1 Qf6 16. Qe2 h6 17. Nf3 dxe4 18. dxe4 g5 19. Be3 Qc6 20. Bg2 Nd6 21. Nd2 b5
22. c4 a6 23. Rf1 b4 24. Nc2 Nf6 25. h4 Nfxe4 26. hxg5 hxg5 27. Bxg5 Ng3 28.
Bxc6 Nxe2+ 29. Kf2 Bxc6 30. Kxe2 Ne4 31. Nxe4 Bxe4 32. Ne3 Rf8 33. Nf5 Bxf5 34.
gxf5 Bf6 35. Bxf6 Rxf6 36. Ke3 Rd6 37. Ke4 Rd4+ 38. Kxe5 Rxc4 39. Rf2 Rc1 40.
Kd5 c4 41. Kc5 b3 42. axb3 cxb3+ 43. Kb4 1/2-1/2

[Event "20th NATO Chess Ch"]
[Site "?"]
[Date "2009.06.16"]
[Round "3.19"]
[White "Christen, Pierre"]
[Black "Skindzier, Saturnin"]
[Result "0-1"]
[WhiteElo "2024"]
[BlackElo "2186"]
[PlyCount "35"]
[SourceDate "2000.01.03"]

1. Nf3 Nf6 2. c4 c5 3. d4 cxd4 4. Nxd4 e5 5. Nb5 d5 6. cxd5 Bc5 7. e3 O-O 8.
N5c3 e4 9. Be2 Re8 10. Qb3 Nbd7 11. Na4 Bd6 12. Nd2 Qe7 13. Nc3 Nc5 14. Qc2 Bf5
15. Nb3 Nd3+ 16. Bxd3 exd3 17. Qd2 Qe5 18. Nd4 0-1

[Event "20th NATO Chess Ch"]
[Site "?"]
[Date "2009.06.16"]
[Round "3.20"]
[White "Nilsen, Terje"]
[Black "De Waard, Marco"]
[Result "0-1"]
[WhiteElo "2022"]
[BlackElo "2160"]
[PlyCount "127"]
[SourceDate "2000.01.03"]

1. d4 d5 2. Nf3 Nf6 3. e3 e6 4. Bd3 c5 5. c3 Nc6 6. O-O Be7 7. Nbd2 cxd4 8.
exd4 O-O 9. Re1 Re8 10. Ne5 Nxe5 11. dxe5 Nd7 12. Nf3 Nf8 13. Be3 f6 14. exf6
Bxf6 15. Bf4 Bd7 16. Ne5 Re7 17. Qe2 Be8 18. Ng4 Ng6 19. Bg3 Qb6 20. Nxf6+ gxf6
21. h4 e5 22. h5 Nf8 23. Bf5 Bd7 24. Bxd7 Rxd7 25. Bh4 Re8 26. Rad1 Qe6 27. Qf3
f5 28. Bg3 e4 29. Qf4 Rg7 30. Qd6 Rd7 31. Qc5 Qf7 32. Bf4 Ne6 33. Qe3 Qxh5 34.
Be5 Nf8 35. Bf4 b6 36. c4 Qf7 37. cxd5 Rxd5 38. Qb3 Rxd1 39. Qxf7+ Kxf7 40.
Rxd1 Ne6 41. Rd5 Kg6 42. Rd6 Kf6 43. Bd2 Rd8 44. Bc3+ Kf7 45. Rc6 Rd1+ 46. Kh2
Ke7 47. a4 Kd7 48. Rc4 Rd5 49. g4 fxg4 50. Rxe4 h5 51. Kg2 Rf5 52. Be5 a6 53.
Bg3 Rd5 54. Rb4 b5 55. axb5 axb5 56. Rb3 Ng5 57. Rc3 Nf3 58. Rc7+ Ke6 59. Rh7
Kf6 60. Bf4 h4 61. Rh6+ Kf5 62. Rh5+ Ke4 63. Rxd5 Kxd5 64. b4 0-1

[Event "20th NATO Chess Ch"]
[Site "?"]
[Date "2009.06.16"]
[Round "3.21"]
[White "Silva, Jose Luis"]
[Black "Ivoskaite, Diana"]
[Result "1-0"]
[WhiteElo "2159"]
[BlackElo "2056"]
[PlyCount "121"]
[SourceDate "2000.01.03"]

1. d4 Nf6 2. c4 g6 3. Nc3 d5 4. cxd5 Nxd5 5. e4 Nxc3 6. bxc3 Bg7 7. Bb5+ Bd7 8.
Bxd7+ Qxd7 9. Nf3 c5 10. O-O O-O 11. Be3 cxd4 12. cxd4 Nc6 13. d5 Na5 14. Rc1
b6 15. Bd4 f6 16. Ba1 Nb7 17. Re1 Rfd8 18. Nd4 Nc5 19. Nc6 Re8 20. Bd4 Nb7 21.
Qf3 e5 22. Bb2 Nd8 23. Red1 Rc8 24. Ba3 Nxc6 25. dxc6 Qe6 26. c7 Bf8 27. Bxf8
Rxf8 28. Qa3 a5 29. h4 Kg7 30. Rd6 Qe7 31. Qd3 Rf7 32. Rdc6 Qe8 33. Qa6 b5 34.
Qxa5 h5 35. Qb6 Qd7 36. g3 Qe8 37. R6c5 Qd7 38. a3 Kh7 39. Kg2 Kg7 40. Rc6 Qe8
41. R1c5 Qd7 42. Qxb5 Qg4 43. Qc4 g5 44. f3 Qd7 45. hxg5 Qd2+ 46. Kh3 fxg5 47.
Qe6 g4+ 48. Kh4 gxf3 49. Qxe5+ Kf8 50. Qh8+ Ke7 51. Qe5+ Kf8 52. Rc2 Qd7 53.
Re6 Kg8 54. Rg6+ Kf8 55. Re6 Kg8 56. Rcc6 f2 57. Rg6+ Rg7 58. Rxg7+ Qxg7 59.
Qe6+ Kh7 60. Qf5+ Kg8 61. Qxc8+ 1-0

[Event "20th NATO Chess Ch"]
[Site "?"]
[Date "2009.06.16"]
[Round "3.23"]
[White "Picart, Lautent"]
[Black "Nielsen, Hendrik"]
[Result "1/2-1/2"]
[WhiteElo "2069"]
[BlackElo "1864"]
[PlyCount "115"]
[SourceDate "2000.01.03"]

1. d4 Nf6 2. c4 g6 3. Nc3 d5 4. Nf3 Bg7 5. Bg5 c6 6. e3 Qa5 7. Qd2 O-O 8. a3
Bg4 9. Ne5 Be6 10. Bh4 Qd8 11. Be2 Nbd7 12. O-O Nxe5 13. dxe5 Ne4 14. Nxe4 dxe4
15. Qd4 Qc7 16. Bg3 Rfd8 17. Qc3 Rd7 18. Rfd1 Rad8 19. h3 h5 20. Rxd7 Rxd7 21.
Rd1 c5 22. Rxd7 Qxd7 23. Qc2 Bf5 24. b4 b6 25. b5 Qe6 26. Qc3 Kh7 27. a4 Kh6
28. h4 Kh7 29. a5 Kg8 30. axb6 axb6 31. Qd2 Kh7 32. Qd8 Bh8 33. Bf4 Bg7 34. g3
Bh8 35. Bg5 Bxe5 36. Qxe7 Qxe7 37. Bxe7 Bc7 38. Bf6 Kg8 39. Kg2 Kf8 40. f3 Ke8
41. Kf2 Kd7 42. Bc3 Bd6 43. Bd1 Be6 44. Bb3 exf3 45. Kxf3 Bg4+ 46. Kf2 Ke6 47.
e4 Be5 48. Bxe5 Kxe5 49. Ke3 f6 50. Bc2 Be6 51. Bd3 Bf7 52. Be2 Be6 53. Bd3 Bh3
54. Be2 Bg2 55. Bd3 g5 56. Be2 Bh3 57. Bd3 gxh4 58. gxh4 1/2-1/2

[Event "20th NATO Chess Ch"]
[Site "?"]
[Date "2009.06.16"]
[Round "3.24"]
[White "Rosenkilde, Alexander"]
[Black "Steffers, Hendrik"]
[Result "1/2-1/2"]
[WhiteElo "2138"]
[BlackElo "1977"]
[PlyCount "101"]
[SourceDate "2000.01.03"]

1. d4 d5 2. c4 e6 3. Nf3 Nf6 4. g3 c6 5. Qc2 Nbd7 6. Bg2 Bd6 7. Nbd2 O-O 8. O-O
h6 9. e4 dxe4 10. Nxe4 Nxe4 11. Qxe4 Nf6 12. Qe2 Re8 13. b3 Qa5 14. Bb2 Ba3 15.
Rad1 Bxb2 16. Qxb2 Bd7 17. Ne5 Rad8 18. b4 Qc7 19. a4 a6 20. Rc1 Qb8 21. Rfd1
Re7 22. f4 Be8 23. c5 Nd5 24. Nc4 Red7 25. Rd3 Ne7 26. Be4 Nd5 27. Nd6 b5 28.
axb5 axb5 29. Bxd5 exd5 30. Re3 Ra7 31. Rce1 Bd7 32. Qe2 Qa8 33. Qh5 Rf8 34. f5
Ra1 35. f6 Rxe1+ 36. Rxe1 Be6 37. fxg7 Kxg7 38. Qe5+ Kg6 39. Qf4 Qd8 40. Rf1
Qg5 41. Qf2 Kg7 42. Ra1 Bh3 43. Qf4 Qg6 44. Qe5+ Kg8 45. Qe2 h5 46. Re1 Be6 47.
Qd2 Ra8 48. Re5 Qb1+ 49. Re1 Qg6 50. Kg2 h4 51. Re5 1/2-1/2

[Event "20th NATO Chess Ch"]
[Site "?"]
[Date "2009.06.16"]
[Round "3.25"]
[White "Oltean, Gusztav"]
[Black "Onley, David"]
[Result "0-1"]
[WhiteElo "2133"]
[BlackElo "1952"]
[PlyCount "96"]
[SourceDate "2000.01.03"]

1. c4 Nf6 2. Nf3 g6 3. b4 Bg7 4. Bb2 O-O 5. d4 d5 6. e3 Nbd7 7. a4 Ne4 8. Qb3
a5 9. b5 c5 10. cxd5 cxd4 11. Bxd4 Ndc5 12. Qc4 e6 13. Bxg7 Kxg7 14. Nc3 Qf6
15. Rc1 Nxc3 16. Qxc5 Nxa4 17. Qa3 Nb6 18. d6 Rd8 19. Be2 e5 20. Rd1 Bf5 21.
Qc5 Nd7 22. Qa3 b6 23. O-O Nc5 24. Qa1 Bg4 25. Rd5 Bxf3 26. Bxf3 e4 27. Qxf6+
Kxf6 28. Bg4 h5 29. Bh3 a4 30. f3 a3 31. fxe4+ Kg7 32. Ra1 a2 33. Rxc5 bxc5 34.
e5 c4 35. Kf2 c3 36. Ke2 f6 37. exf6+ Kxf6 38. d7 Rdb8 39. Kd3 Ke7 40. Kxc3
Rxb5 41. d8=Q+ Kxd8 42. Be6 Ra3+ 43. Kd4 Rb4+ 44. Kc5 Rb2 45. Bd5 Ke7 46. Kd4
Kd6 47. e4 Rb4+ 48. Bc4 Raa4 0-1

[Event "20th NATO Chess Ch"]
[Site "?"]
[Date "2009.06.16"]
[Round "3.26"]
[White "Ola, Nathaniel"]
[Black "Gooris, Jan"]
[Result "0-1"]
[WhiteElo "1975"]
[BlackElo "2132"]
[PlyCount "116"]
[SourceDate "2000.01.03"]

1. e4 g6 2. d4 Bg7 3. Nc3 d6 4. Be3 c6 5. Be2 b5 6. a3 a6 7. f4 Bb7 8. Bf3 Nd7
9. Nge2 e5 10. O-O Qe7 11. Kh1 Ngf6 12. Qd2 O-O 13. Ng3 Rad8 14. Rae1 a5 15. b4
axb4 16. axb4 Rfe8 17. d5 exf4 18. Bxf4 Ne5 19. dxc6 Bxc6 20. Nd5 Qb7 21. Bg5
Bxd5 22. exd5 Ra8 23. Bxf6 Bxf6 24. Ne4 Be7 25. Qf4 Ra2 26. Nc5 Qc7 27. Nd3 Bf8
28. Be4 Bg7 29. Nxe5 Bxe5 30. Qf3 Rea8 31. Bd3 R8a3 32. Qe2 Rb2 33. Qg4 Ra4 34.
c3 Raa2 35. Be4 Kg7 36. Rc1 Rf2 37. Rxf2 Rxf2 38. Bd3 Rf4 39. Qd1 Qe7 40. Qe2
Qg5 41. g3 Rf2 42. Qxf2 Qxc1+ 43. Kg2 Qxc3 44. Bxb5 Qxb4 45. Be2 h5 46. h3 Bd4
47. Qf3 Qe1 48. Qf1 Qd2 49. Qf3 Bc5 50. g4 h4 51. Kh2 Qe1 52. Bf1 Qe5+ 53. Kh1
Qd4 54. Qg2 f6 55. Be2 Qe3 56. Bf3 Qe1+ 57. Kh2 Bf2 58. Qh1 Bg3+ 0-1

[Event "20th NATO Chess Ch"]
[Site "?"]
[Date "2009.06.16"]
[Round "3.27"]
[White "Serralta, Michel"]
[Black "Cuadrado, Lopez Francisco Jav"]
[Result "1-0"]
[WhiteElo "2125"]
[BlackElo "1941"]
[PlyCount "113"]
[SourceDate "2000.01.03"]

1. d4 Nf6 2. c4 c5 3. d5 b5 4. cxb5 a6 5. bxa6 Bxa6 6. Nc3 g6 7. g3 Bg7 8. Bg2
d6 9. Nf3 O-O 10. O-O Nbd7 11. Rb1 Qa5 12. Qc2 Rfb8 13. Rd1 Nb6 14. b3 Bc8 15.
Bd2 Qa6 16. e4 Nfd7 17. Bf1 Qb7 18. a4 Ne5 19. Nxe5 Bxe5 20. Re1 f5 21. Bb5 Bd7
22. Bxd7 Qxd7 23. exf5 gxf5 24. f4 Bd4+ 25. Kf1 Rf8 26. Qd3 Qe8 27. Qf3 Qf7 28.
Re6 Qg7 29. Rbe1 Bf6 30. h3 Kh8 31. Ne2 c4 32. a5 cxb3 33. axb6 b2 34. Nc3 Ra3
35. R6e3 Rb3 36. Nb1 Rxb6 37. Rb3 Rfb8 38. Rxb6 Rxb6 39. Qe3 Rb5 40. Qd3 Rc5
41. Bb4 Rc1 42. Kg2 h5 43. Qxf5 h4 44. Qh5+ Kg8 45. Qg4 Rc2+ 46. Kf3 Rc4 47.
Qxg7+ Kxg7 48. Bd2 Rd4 49. g4 Rd3+ 50. Re3 Rxd5 51. g5 Bd4 52. Rxe7+ Kf8 53.
Rb7 Rc5 54. Be3 Bxe3 55. Kxe3 Rc2 56. Nd2 d5 57. Kd3 1-0

[Event "20th NATO Chess Ch"]
[Site "?"]
[Date "2009.06.16"]
[Round "3.28"]
[White "Kartal, Koray"]
[Black "Franck, Boris"]
[Result "1-0"]
[WhiteElo "1958"]
[BlackElo "2122"]
[PlyCount "87"]
[SourceDate "2000.01.03"]

1. e4 g6 2. d4 d6 3. Nf3 Bg7 4. Nc3 Bg4 5. Be2 Nd7 6. Be3 Bxf3 7. Bxf3 e5 8.
O-O Ne7 9. Qd2 O-O 10. Rad1 Nc6 11. Ne2 exd4 12. Nxd4 Nce5 13. Be2 Nc5 14. f3
Qd7 15. b4 Ne6 16. f4 Nc6 17. Nb3 Qe7 18. b5 Nb8 19. Qd5 Nd8 20. Bf3 a6 21. b6
cxb6 22. Bxb6 Nbc6 23. Qxd6 Qxd6 24. Rxd6 Ne6 25. g3 Nb4 26. e5 Rac8 27. Bxb7
Rxc2 28. a3 Rc3 29. axb4 Rxb3 30. Ba5 Rb8 31. Bd5 Rb2 32. Bxe6 fxe6 33. Rxe6
Bf8 34. Rxa6 Bxb4 35. Bxb4 R8xb4 36. Rf2 Rb7 37. Rf6 Rxf2 38. Kxf2 Rb2+ 39. Kf3
Rxh2 40. e6 Ra2 41. g4 Ra7 42. f5 gxf5 43. Rxf5 Kg7 44. g5 1-0

[Event "20th NATO Chess Ch"]
[Site "?"]
[Date "2009.06.16"]
[Round "3.29"]
[White "Narman, Gökhan"]
[Black "Dekker, Ard"]
[Result "1-0"]
[WhiteElo "2120"]
[BlackElo "1880"]
[PlyCount "128"]
[SourceDate "2000.01.03"]

1. d4 Nf6 2. c4 g6 3. Nc3 d5 4. Bf4 Bg7 5. e3 O-O 6. Nf3 c6 7. h3 Na6 8. Be2
Nc7 9. O-O dxc4 10. Bxc4 Ncd5 11. Bh2 Nb6 12. Bb3 Bf5 13. Re1 Be4 14. Nxe4 Nxe4
15. Qe2 Nf6 16. Rad1 e6 17. e4 Re8 18. Qd2 Qe7 19. Qa5 Nfd7 20. Ne5 Bxe5 21.
dxe5 Qc5 22. Qd2 Rad8 23. Qg5 Qf8 24. Rd6 Nc8 25. Rd4 Nc5 26. Red1 Ne7 27. Bc2
Rxd4 28. Rxd4 Rd8 29. Qd2 Rxd4 30. Qxd4 Nc8 31. Bf4 Qe7 32. g3 b6 33. Kf1 Qd7
34. Be3 Qxd4 35. Bxd4 Nd7 36. b4 h5 37. Ke2 Kf8 38. Bd3 Ke7 39. Ke3 Kd8 40. Kf4
Ne7 41. Kg5 c5 42. bxc5 Nc6 43. Bc3 Nxc5 44. Bc2 Ke7 45. f4 b5 46. f5 b4 47.
Bb2 a5 48. fxg6 fxg6 49. Kxg6 a4 50. Kxh5 Kf7 51. Kh6 b3 52. axb3 axb3 53. Bb1
Na4 54. Ba3 Nxe5 55. Bb4 Nf3 56. g4 b2 57. g5 Nh4 58. Kh5 Ng6 59. h4 Ne5 60.
Kh6 Kg8 61. g6 Nb6 62. h5 Nbd7 63. Ba2 Nc4 64. Bxc4 b1=Q 1-0

[Event "20th NATO Chess Ch"]
[Site "?"]
[Date "2009.06.16"]
[Round "3.30"]
[White "Prevot, Jean-Luc"]
[Black "Murray, Brian"]
[Result "1-0"]
[WhiteElo "2119"]
[BlackElo "1571"]
[PlyCount "43"]
[SourceDate "2000.01.03"]

1. Nf3 d5 2. c4 Nf6 3. b3 g6 4. Bb2 Bg7 5. g3 c5 6. cxd5 O-O 7. Bg2 Qxd5 8. O-O
Nc6 9. Ne5 Ne4 10. Nxc6 Bxb2 11. Nxe7+ Kg7 12. Nxd5 Bxa1 13. Bxe4 Be5 14. Bg2
Bg4 15. Na3 Kg8 16. h3 Be6 17. Nc4 Rad8 18. Ne7+ Kh8 19. Nxe5 b5 20. Qa1 f6 21.
N5xg6+ hxg6 22. Nxg6+ 1-0

[Event "20th NATO Chess Ch"]
[Site "?"]
[Date "2009.06.16"]
[Round "3.31"]
[White "Nielsen, Jan Mose"]
[Black "Ghiacy, Jelani"]
[Result "1-0"]
[WhiteElo "2099"]
[BlackElo "1517"]
[PlyCount "61"]
[SourceDate "2000.01.03"]

1. e4 c5 2. Nc3 e6 3. g3 Nc6 4. Bg2 a6 5. a4 h6 6. f4 b6 7. Nf3 Bb7 8. d3 Rb8
9. Be3 Be7 10. Qd2 Nb4 11. O-O Nf6 12. h3 O-O 13. Ne2 d6 14. c3 Nc6 15. g4 Nd7
16. Ng3 g6 17. f5 g5 18. h4 f6 19. fxe6 Nde5 20. Nh2 Na5 21. Rad1 Qc8 22. Nf5
Qxe6 23. Nxe7+ Kh7 24. Nf5 gxh4 25. Bxc5 Nxg4 26. Nxg4 Kg8 27. Qxh6 Rf7 28.
Ne7+ Rxe7 29. Nxf6+ Kf7 30. Nd5+ Ke8 31. Nc7+ 1-0

[Event "20th NATO Chess Ch"]
[Site "?"]
[Date "2009.06.16"]
[Round "3.32"]
[White "Papler, Peter"]
[Black "Kilic, Mehmet"]
[Result "0-1"]
[WhiteElo "1500"]
[BlackElo "2096"]
[PlyCount "42"]
[SourceDate "2000.01.03"]

1. e4 c5 2. f4 d5 3. e5 Bf5 4. Nf3 e6 5. Bb5+ Nc6 6. c3 Qb6 7. Bxc6+ Qxc6 8.
O-O Bd3 9. Re1 Nh6 10. Re3 c4 11. Nd4 Qd7 12. g4 Bc5 13. b3 O-O 14. Ba3 b6 15.
b4 Be7 16. Rh3 f6 17. b5 fxe5 18. Bxe7 Qxe7 19. Nc6 Qc5+ 20. Kg2 Rxf4 21. Nxe5
Qf2+ 0-1

[Event "20th NATO Chess Ch"]
[Site "?"]
[Date "2009.06.16"]
[Round "3.33"]
[White "Nielsen, Rene"]
[Black "Parisse, Denis"]
[Result "1-0"]
[WhiteElo "2187"]
[BlackElo "1960"]
[PlyCount "47"]
[SourceDate "2000.01.03"]

1. e4 e6 2. d4 d5 3. Nd2 Nf6 4. e5 Nfd7 5. Bd3 c5 6. c3 Nc6 7. Ne2 cxd4 8. cxd4
Be7 9. O-O O-O 10. Nf3 f6 11. exf6 Nxf6 12. Bg5 Nb4 13. Bb1 Bd7 14. Ng3 Rc8 15.
a3 Nc6 16. Re1 h6 17. Bxf6 Rxf6 18. Qd3 Qa5 19. Bc2 Rxf3 20. Qh7+ Kf8 21. gxf3
Nxd4 22. Bg6 Nxf3+ 23. Kh1 Bf6 24. Nf5 1-0

[Event "20th NATO Chess Ch"]
[Site "?"]
[Date "2009.06.16"]
[Round "3.34"]
[White "Bubbys, Vaidotas"]
[Black "Delforge, Guy"]
[Result "0-1"]
[WhiteElo "1930"]
[BlackElo "2173"]
[PlyCount "61"]
[SourceDate "2000.01.03"]

1. d4 g6 2. c4 c6 3. e4 d5 4. cxd5 cxd5 5. e5 Bg7 6. f4 Nh6 7. Nf3 Nc6 8. h3
Nf5 9. Kf2 h5 10. Nc3 h4 11. Bb5 e6 12. Ne2 Qb6 13. Qb3 Bf8 14. Bd2 Bd7 15. a3
Nxe5 16. Nxe5 Bxb5 17. Rhc1 Bxe2 18. Qxb6 axb6 19. Kxe2 Nxd4+ 20. Kd3 Nb3 21.
Rab1 Nxc1+ 22. Rxc1 Bd6 23. Be3 Bxe5 24. fxe5 Kd7 25. Bxb6 Rac8 26. Rf1 Ke8 27.
Be3 Rh5 28. Bd4 Rg5 29. Rf2 Rc4 30. Rd2 Rg3+ 31. Ke2 0-1

[Event "20th NATO Chess Ch"]
[Site "?"]
[Date "2009.06.16"]
[Round "3.35"]
[White "Mankauskas, Donatas"]
[Black "Tommasini, Enzo"]
[Result "1/2-1/2"]
[WhiteElo "1950"]
[BlackElo "2171"]
[PlyCount "41"]
[SourceDate "2000.01.03"]

1. e4 e6 2. d4 d5 3. Nd2 dxe4 4. Nxe4 Bd7 5. Nf3 Bc6 6. Qd3 Nd7 7. c3 Be7 8. b4
b6 9. a4 a6 10. Be2 Ngf6 11. Ng3 O-O 12. O-O Bb7 13. Qc2 c5 14. dxc5 bxc5 15.
Ba3 Qc7 16. b5 axb5 17. axb5 Nb6 18. c4 Ra4 19. Bb2 Bxf3 20. Rxa4 Bxe2 21. Nxe2
1/2-1/2

[Event "20th NATO Chess Ch"]
[Site "?"]
[Date "2009.06.16"]
[Round "3.37"]
[White "Szczesniak, Andrzej"]
[Black "Lukjanovas, Vladas"]
[Result "1/2-1/2"]
[WhiteElo "2087"]
[BlackElo "1902"]
[PlyCount "65"]
[SourceDate "2000.01.03"]

1. c4 Nf6 2. Nc3 d5 3. cxd5 Nxd5 4. g3 b6 5. Nxd5 Qxd5 6. Nf3 Bb7 7. Bg2 Qa5 8.
O-O e5 9. d3 Nd7 10. a3 Be7 11. Bd2 Qa6 12. b4 b5 13. Qc2 Bd6 14. Rfc1 O-O 15.
Bc3 h6 16. d4 e4 17. Nd2 f5 18. Nb3 Bd5 19. Nc5 Qc8 20. a4 c6 21. axb5 cxb5 22.
Ra5 Nb6 23. Raa1 Nc4 24. e3 a5 25. bxa5 Bxc5 26. dxc5 Qxc5 27. Bd4 Qb4 28. Rcb1
Na3 29. Qb2 Qxb2 30. Rxb2 Rxa5 31. Rd1 Raa8 32. Bc3 Ra7 33. Bd4 1/2-1/2

[Event "20th NATO Chess Ch"]
[Site "?"]
[Date "2009.06.16"]
[Round "3.38"]
[White "Cheung, Jan"]
[Black "Hunter, Terry"]
[Result "1-0"]
[WhiteElo "2080"]
[BlackElo "1692"]
[PlyCount "97"]
[SourceDate "2000.01.03"]

1. d4 Nf6 2. c4 g6 3. Nc3 Bg7 4. e4 d6 5. Nf3 O-O 6. Be2 Bg4 7. Be3 Nbd7 8. O-O
c5 9. d5 Bxf3 10. Bxf3 Ne5 11. Be2 Kh8 12. f4 Ned7 13. Qd2 Ng8 14. Bd3 Ndf6 15.
h3 Qd7 16. Be2 a6 17. a4 h5 18. Rae1 Nh7 19. Bf2 f5 20. exf5 Qxf5 21. Be3 Qf7
22. Rb1 Nh6 23. Bd3 Nf5 24. Bxf5 Qxf5 25. a5 Nf6 26. b4 Qc8 27. bxc5 dxc5 28.
Qf2 Nd7 29. Ne4 Qc7 30. Qg3 Bd4 31. Bxd4+ cxd4 32. Qxg6 Nf6 33. Nxf6 Rxf6 34.
Qxh5+ Kg7 35. Rf3 Rg8 36. Qe5 Qxe5 37. fxe5 Rxf3 38. gxf3 Rc8 39. Rxb7 Rxc4 40.
Rxe7+ Kf8 41. d6 d3 42. Kf2 Rd4 43. Ke1 Rd5 44. Kd2 Rxa5 45. Kxd3 Ra3+ 46. Ke4
a5 47. Ra7 Ra1 48. e6 a4 49. Ra8+ 1-0

[Event "20th NATO Chess Ch"]
[Site "?"]
[Date "2009.06.16"]
[Round "3.39"]
[White "Kedzierski, Slawomir"]
[Black "Le Fevre, Stephen"]
[Result "1-0"]
[WhiteElo "2069"]
[BlackElo "1864"]
[PlyCount "121"]
[SourceDate "2000.01.03"]

1. d4 Nf6 2. Nf3 g6 3. c4 Bg7 4. g3 d6 5. Bg2 O-O 6. O-O c5 7. Nc3 Na6 8. h3
cxd4 9. Nxd4 Nc7 10. e4 Rb8 11. Be3 Bd7 12. Qe2 b6 13. Rac1 Qc8 14. Kh2 Ne6 15.
Rfd1 Nxd4 16. Bxd4 Bc6 17. Nd5 Re8 18. Nxf6+ exf6 19. Qd3 Qe6 20. Re1 Rbc8 21.
Bc3 Ba8 22. b3 Bc6 23. Rcd1 Red8 24. Qd4 Qe5 25. Qe3 Qe6 26. h4 Qe7 27. Bh3 Rb8
28. a4 Re8 29. Qd4 Rbd8 30. f3 Qe5 31. Qd2 Qe7 32. Bb4 Bf8 33. Qc2 Qe5 34. Rd3
a5 35. Bc3 Qe7 36. Qf2 Rb8 37. Red1 f5 38. exf5 Qe2 39. R1d2 Qxf2+ 40. Rxf2
Rbd8 41. fxg6 fxg6 42. Rfd2 Bh6 43. f4 Bf8 44. Bg2 Be4 45. Bxe4 Rxe4 46. Bd4
Rb8 47. Re3 Rxe3 48. Bxe3 Kf7 49. Kg2 Ke6 50. Rd5 Be7 51. Bd4 Bd8 52. h5 Bc7
53. Rb5 Kd7 54. hxg6 hxg6 55. Rg5 Rg8 56. f5 Re8 57. fxg6 Bd8 58. Rb5 Rg8 59.
g7 Ke6 60. Rh5 Bf6 61. Rh6 1-0

[Event "20th NATO Chess Ch"]
[Site "?"]
[Date "2009.06.16"]
[Round "3.40"]
[White "Demjen, Atilla"]
[Black "Vercauteren, Daniel"]
[Result "1-0"]
[WhiteElo "2046"]
[BlackElo "1686"]
[PlyCount "67"]
[SourceDate "2000.01.03"]

1. e4 c6 2. d4 d5 3. exd5 cxd5 4. c4 Nf6 5. Nc3 e6 6. a3 Nbd7 7. Nf3 dxc4 8.
Bxc4 Nb6 9. Ba2 Nbd5 10. O-O Be7 11. Be3 O-O 12. Rc1 b6 13. Ne5 Bb7 14. Qd3 Rc8
15. Nxd5 Bxd5 16. Rxc8 Qxc8 17. Rc1 Qb7 18. Bxd5 Nxd5 19. Qc4 Bd6 20. Qc6 Qc7
21. Qxc7 Bxc7 22. Nc6 Bb8 23. Bd2 Kh8 24. Ne5 Bxe5 25. dxe5 h6 26. Kf1 Rd8 27.
Ke2 Rd7 28. Rc6 Rc7 29. Rxc7 Nxc7 30. Kd3 Kg8 31. Bb4 Nd5 32. Kc4 a6 33. a4 a5
34. Bc3 1-0

[Event "20th NATO Chess Ch"]
[Site "?"]
[Date "2009.06.16"]
[Round "3.41"]
[White "Emmins, Karl"]
[Black "Barquin, Benjamin"]
[Result "0-1"]
[WhiteElo "1616"]
[BlackElo "2019"]
[PlyCount "73"]
[SourceDate "2000.01.03"]

1. e4 e6 2. Nc3 b6 3. Bc4 Bb7 4. Nf3 Ne7 5. d3 Ng6 6. O-O Be7 7. Ne2 O-O 8. Ng3
c5 9. a3 d5 10. exd5 exd5 11. Ba2 Nd7 12. Re1 Qc7 13. Nf5 Bf6 14. c3 Nde5 15.
d4 cxd4 16. N5xd4 Rfe8 17. Bg5 Bxg5 18. Nxg5 h6 19. Ngf3 Rad8 20. Qa4 a6 21.
Rad1 b5 22. Qc2 Nc4 23. Bb1 Re4 24. Qc1 Rf4 25. Re2 Rf6 26. Rde1 Nd6 27. Qc2
Ne4 28. Nd2 Nf4 29. Re3 Rg6 30. g3 Nh3+ 31. Kf1 Nhxf2 32. Nxe4 Nxe4 33. Ke2 Rf6
34. Kd1 Qd7 35. Qc1 Rf2 36. Bd3 Rxh2 37. Nf3 0-1

[Event "20th NATO Chess Ch"]
[Site "?"]
[Date "2009.06.16"]
[Round "3.43"]
[White "Geroly, Jozsef"]
[Black "Bellemare, Régis"]
[Result "1-0"]
[WhiteElo "1978"]
[BlackElo "1634"]
[PlyCount "41"]
[SourceDate "2000.01.03"]

1. Nf3 f5 2. g3 Nf6 3. Bg2 e6 4. d3 Bc5 5. O-O O-O 6. a3 d5 7. b4 Bd6 8. Bb2
Nbd7 9. Nbd2 c6 10. c4 Qe8 11. e4 fxe4 12. dxe4 Bc7 13. Qc2 Qh5 14. cxd5 exd5
15. Qc3 Re8 16. exd5 Be5 17. Nxe5 Nxe5 18. Rae1 Qh6 19. Rxe5 Rxe5 20. Qxe5 Qxd2
21. dxc6 1-0

[Event "20th NATO Chess Ch"]
[Site "?"]
[Date "2009.06.16"]
[Round "3.44"]
[White "Harwood, Duncan"]
[Black "De Cat, Ben"]
[Result "1-0"]
[WhiteElo "1800"]
[BlackElo "1920"]
[PlyCount "67"]
[SourceDate "2000.01.03"]

1. e4 d6 2. d4 Nf6 3. Nc3 Nbd7 4. Be2 e5 5. Nf3 c6 6. O-O Be7 7. Re1 h6 8. Bf1
Qc7 9. a4 g5 10. d5 c5 11. Nd2 Nf8 12. Nc4 Ng6 13. Nb5 Qd8 14. Bd2 a5 15. c3 b6
16. b4 Nf4 17. bxc5 bxc5 18. Rb1 h5 19. Bxf4 gxf4 20. Nxe5 Ng4 21. Nxg4 Bxg4
22. f3 Bd7 23. Qd2 Bh4 24. Qxf4 Bxb5 25. Bxb5+ Kf8 26. Re2 Bf6 27. Qd2 Bg7 28.
f4 Qh4 29. Rf2 Rh6 30. Re1 Rg6 31. e5 dxe5 32. d6 Rg4 33. fxe5 Bh6 34. Qxh6+
1-0

[Event "20th NATO Chess Ch"]
[Site "?"]
[Date "2009.06.16"]
[Round "3.45"]
[White "Kacevicius, Dangiras"]
[Black "Kocur, Marc"]
[Result "0-1"]
[WhiteElo "1730"]
[BlackElo "1919"]
[PlyCount "72"]
[SourceDate "2000.01.03"]

1. d4 Nf6 2. c4 d6 3. Nc3 Nbd7 4. Nf3 e5 5. Qc2 Be7 6. e3 O-O 7. Be2 c6 8. O-O
Qc7 9. Rd1 a6 10. Bd3 Re8 11. Ng5 Nf8 12. dxe5 dxe5 13. Qb3 Ne6 14. Nge4 Nxe4
15. Nxe4 f5 16. Nd2 Nc5 17. Qc2 Nxd3 18. Qxd3 e4 19. Qb3 Be6 20. Qc2 Rad8 21.
b3 Bd6 22. g3 Bf7 23. Bb2 Bh5 24. Rdc1 Bb4 25. Bc3 Qa5 26. Nb1 Rd3 27. Bxb4
Qxb4 28. c5 Red8 29. Nc3 Qxc5 30. Na4 Qxc2 31. Rxc2 Rd1+ 32. Rxd1 Rxd1+ 33. Kg2
Bf3+ 34. Kh3 g5 35. Rc5 h5 36. Rxf5 Bg4+ 0-1

[Event "20th NATO Chess Ch"]
[Site "?"]
[Date "2009.06.16"]
[Round "3.46"]
[White "Cappon, Kaan"]
[Black "Barta, Csaba"]
[Result "1/2-1/2"]
[WhiteElo "1877"]
[BlackElo "1903"]
[PlyCount "26"]
[SourceDate "2000.01.03"]

1. e4 e5 2. Nf3 Nc6 3. d4 exd4 4. Nxd4 Qf6 5. Be3 Bc5 6. c3 Nge7 7. Bc4 Ne5 8.
Be2 Qg6 9. O-O Qxe4 10. Nd2 Qg6 11. Bh5 Qd3 12. Be2 Qg6 13. Bh5 Qd3 1/2-1/2